| 000 | 00687nam a2200253Ia 4500 | ||
|---|---|---|---|
| 003 | OSt | ||
| 005 | 20221005081137.0 | ||
| 006 | a|||||r|||| 00| 0 | ||
| 007 | ta | ||
| 008 | 221004b |||||||| |||| 00| 0 eng d | ||
| 020 | _a0876921004 | ||
| 024 | _a48015 | ||
| 037 | _cTextual | ||
| 040 |
_aCRL _cCRL _beng |
||
| 041 |
_2eng _aeng |
||
| 082 | _aO111,2J64:gx, K4 | ||
| 100 |
_aMarlowe _9610868 |
||
| 245 | 0 | _aCollection of critical essays edited by Clifford Leech | |
| 260 |
_aNew Delhi _bPrentice Hall India _c1964 |
||
| 300 |
_a184p. _ccm. |
||
| 650 | _aENGLISH LITERATURE | ||
| 942 |
_hO111,2J64:gx, K4 _cTEXL _2cc |
||
| 999 |
_c987257 _d987257 |
||